| 000 | 00329nam a22001097a 4500 | ||
|---|---|---|---|
| 008 | 230606b xxu||||| |||| 00| 0 eng d | ||
| 082 |
_a341.765 _bWHO |
||
| 245 |
_aExecutive Board 126th Session Geneva, 18-23 January 2010 _bSummary Records |
||
| 260 |
_aGeneva _bWorld Health Organization _c2010 |
||
| 300 | _aXIII,251p | ||
| 942 |
_2ddc _cBK |
||
| 999 |
_c494 _d494 |
||